خطة الهجوم / (Record no. 24900)
[ view plain ]
| 000 -الفاتح | |
|---|---|
| حقل البيانات ثابتة الطول | 01586nam a2200397 i 4500 |
| 003 - محدد رقم الضبط | |
| رقم الضبط | EG-ScBUE |
| 005 - وقت وتاريخ اخر تعامل مع التسجيلة | |
| رقم الضبط | 20231214100025.0 |
| 008 - عناصر البيانات ثابتة الطول - معلومات عامة | |
| حقل البيانات ثابتة الطول | 170614s2004 su o f 001 0dara d |
| 017 ## - رقم الإيداع القانونى | |
| رقم الإيداع القانونى | 1425 / 4015 |
| 020 ## - الرقم الدولى المعيارى للكتب | |
| الرقم الدولى المعيارى للكتاب | 9960406156 |
| 040 ## - مصدر الفهرسة | |
| وكالة الفهرسة الأصلية | EG-ScBUE |
| لغة الفهرسة | ara |
| قواعد الوصف | rda |
| وكالة النسخ | EG-ScBUE |
| وكالة التعديل | EG-ScBUE |
| 041 1# - رمز اللغة | |
| رمز لغة النص/ المسارات الصوتية أو العنوان الانفرادي | ara |
| رمز لغة الترجمات و/او الاصلية المتوسطة للنص | eng |
| 043 ## - رمز المنطقة الجغرافية | |
| رمز المنطقة الجغرافية | a-iq--- |
| -- | n-us--- |
| 082 04 - رقم تصنيف ديوى العشرى | |
| رقم التصنيف | 956.704431 |
| رقم المادة | و و د |
| رقم الطبعة | 22 |
| 100 1# - المدخل الرئيسى - إسم شخصى | |
| الإسم الشخصى | وودوارد، بوب، |
| التواريخ المصاحبة للاسم | 1943- |
| الدور | مؤلف. |
| 240 10 - العنوان الموحد | |
| عنوان موحد | Plan of attack. |
| لغة العمل | Arabic |
| 245 10 - بيان العنوان | |
| العنوان | خطة الهجوم / |
| بيان المسئوليه,etc | تأليف بوب ودورد ؛ تعريب فاضل جتكر. |
| 250 ## - بيان الطبعة | |
| بيان الطبعة | الطبعة الأولى. |
| 264 #1 - النشر، التوزيع | |
| مكان الناشر او الموزع | الرياض : |
| اسم الناشر او الموزع | مكتبة العبيكان، |
| تاريخ النشر أو التوزيع | 2004. |
| 300 ## - الوصف المادى | |
| التعداد | 658 صفحة : |
| تفاصيل ماديه اخرى للوعاء | صور ؛ |
| أبعاد الوعاء | 24 سم |
| 336 ## - نوع المحتوى | |
| source | rdacontent |
| Carrier Type Term | نص |
| Content Type Code | txt |
| 337 ## - نوع الوسيط | |
| Media Type Term | بدون وسيط |
| source | rdamedia |
| Media Type Code | n |
| 338 ## - نوع الحامل أو الناقل | |
| Carrier Type Term | مجلد |
| Carrier Type Code | nc |
| source | rdacarrier |
| 500 ## - تبصرة عامة | |
| تبصرة عامة | يشتمل على كشافات. |
| 541 ## - تبصرة المصدر المباشر للتزويد | |
| مصدر التزويد | إهداء من المستشار مدحت أبو الفضل. |
| 546 ## - تبصرة اللغة | |
| تبصرة اللغة | النص باللغة العربية ؛ مترجم من اللغة الإنجليزية. |
| 590 ## - تبصرة محلية(RLIN) | |
| تبصرة محلية | Wessam |
| 600 17 - المدخل الاضافى بالموضوع-اسم شخصى | |
| الإسم الشخصى | بوش، جورج و. |
| الشكل الأكمل للاسم | (جورج ولكر)، |
| التواريخ المصاحبة للاسم | 1946- |
| مصدر الرأس أو المصطلح | BUEsh |
| 9 (RLIN) | 41796 |
| 650 ## - المدخل الاضافى بالموضوع-مصطلح موضوعى | |
| مصدر الرأس أو المصطلح | BUEsh |
| 651 #7 - المدخل الاضافى بالموضوع - اسم جغرافى | |
| الاسم الجغرافي | العراق |
| التقسيم الفرعي العام | تاريخ |
| التقسيم الفرعي الزمني | (الاحتلال الأمريكي (2003-2011. |
| مصدر الرأس أو المصطلح | BUEsh |
| 9 (RLIN) | 16210 |
| 651 #7 - المدخل الاضافى بالموضوع - اسم جغرافى | |
| الاسم الجغرافي | الولايات المتحدة الأمريكية |
| التقسيم الفرعي العام | تاريخ |
| التقسيم الفرعي الزمني | (جورج بوش الابن (2001-2009 |
| مصدر الرأس أو المصطلح | BUEsh |
| 9 (RLIN) | 41797 |
| 653 ## - مصطلح تكشيفى غير مقيد | |
| Resource For college | BAEPS, Political Science |
| Arrived date list | June2017 |
| 655 ## - مصطلح تكشيفى-نوع/شكل | |
| التقسيم الفرعي الشكلي | Reading book |
| 700 1# - المدخل الاضافى - اسم شخصى | |
| الإسم الشخصى | جتكر، فاضل. |
| الدور | مترجم. |
| 942 ## - عناصر المدخل الإضافي( كوها) | |
| مصدر التصنيف او مخطط الترفيف | Dewey Decimal Classification |
| حالة التراجع | حالة الفقد | مصدر التصنيف او خطة الترفيف | حالة تلف | ليس للاعارة | مجموعات كوها | المكان الدائم | المكان الحالي | موقع الترفيف | تاريخ الاكتساب | Source of acquisition | رقم الاستدعاء | الباركود | Date last seen | تبصرة غير عامة( المفوع للعناصر المفقوده) | نوع الوعاء |
|---|---|---|---|---|---|---|---|---|---|---|---|---|---|---|---|
| Dewey Decimal Classification | Donation-Gift | Central Library | Central Library | Second Floor | 14/06/2017 | Donation | 956.704431 و و د | 000030886 | 15/07/2025 | إهداء من المستشار مدحت أبو الفضل | Book - Borrowing |